| 000 | 01844nam a2200541 i 4500 | ||
|---|---|---|---|
| 001 | 51659 | ||
| 003 | KOSZ 005 | ||
| 005 | 20220316115134.0 | ||
| 008 | 051003s2005 pl beho |001 0dpol | ||
| 015 | _aUWD 2005/20445 | ||
| 020 | _a8360174032 | ||
| 035 | _a991028378329705066 | ||
| 035 | _a(PL-WaBN)b17681431-48omnis_nlop | ||
| 035 | _ab17681431 | ||
| 035 | _a(OCoLC)69473043 | ||
| 035 | _azz2005892242 | ||
| 035 | _a(PL)b0000001768143 | ||
| 035 | _a(EXLNZ-48OMNIS_NETWORK)9910133931205606 | ||
| 040 |
_aWA N _cWA N _dKOSZ 005/HR |
||
| 041 | 1 |
_apol _heng |
|
| 046 | _k2005 | ||
| 080 | _a913(560) | ||
| 080 | _a(036) | ||
| 245 | 0 | 0 |
_aTurcja / _c[red. prowadzący Joanna Zaborowska ; tł. A. Wolski, J. Podgórski]. |
| 246 | 1 |
_iTyt. oryg.: _aTurkey |
|
| 260 |
_aWarszawa : _bMediaprofit, _c2005. |
||
| 300 |
_a420, [1] s. : _bfaks. (w tym kolor.), fot. (w tym kolor.), mapy, pl., portr. ; _c23 cm. |
||
| 336 |
_aTekst _btxt _2rdacontent |
||
| 337 |
_aBez urządzenia pośredniczącego _bn _2rdamedia |
||
| 338 |
_aWolumin _bnc _2rdacarrier |
||
| 380 | _aKsiążki | ||
| 380 | _aPoradniki i przewodniki | ||
| 388 | _a2001- | ||
| 490 | 1 |
_aBiblioteka Gazety Wyborczej. Podróże Marzeń ; _v4 |
|
| 504 | _aIndeks. | ||
| 650 | _aTurystyka | ||
| 651 | 7 |
_aTurcja _2DBN |
|
| 655 | 7 |
_aPrzewodnik turystyczny _2DBN |
|
| 658 | _aPodróże i turystyka | ||
| 700 | 1 |
_aPodgórski, Jerzy _eTłumaczenie |
|
| 700 | 1 |
_aWolski, Andrzej _c(tłumacz) _eTłumaczenie |
|
| 700 | 1 |
_aZaborowska, Joanna _eRedakcja |
|
| 710 | 2 |
_aMediaprofit _4pbl |
|
| 830 | 0 |
_aBiblioteka Gazety Wyborczej. _pPodróże Marzeń _v4 |
|
| 856 |
_uhttp://koha.tu.koszalin.pl/cgi-bin/koha/opac-detail.pl?biblionumber=51659 _yKatalog online BPK |
||
| 942 |
_2UKD _cKS |
||
| 999 |
_c51659 _d51659 |
||